000 00620cab a2200205 4500
001 WB2318-23
008 090401t1987 xxu||||| |||| 00| 0 eng d
035 _a(Sirsi) u73285
041 _aeng
245 _aUse of business premises
260 _c1987
350 _a0
490 _aFinancial Times
_v7/5/87 p48
520 _aThe Environment Secretary has announced changes to the Use Classes Order which will ease the effects of the proposed uniform business rate in England and Wales.
650 _aRATING
650 _aREVALUATION
690 _aPLANNING LAW AND PRACTICE
942 _n0
948 _c04/03/1997
999 _c46348
_d46348